000 01863cam a22004574i 4500
003 PE-LiUPU
005 20250731172812.0
008 150617s r 000 0 d
035 _a(Sirsi) a13539
040 _aPE-LiUPU
_bspa
_cPE-LiUPU
_erda
049 _aPRUA
082 0 4 _a248.2
_bH58
_221
100 1 _aHirschmann, María Anne,
_eautor.
245 1 0 _aHansi :
_bthe girl who loved the swastika /
_cMaría Anne Hirschmann.
264 1 _aIllinois :
_bTyndale House Publishers,
_c1977.
300 _a242 páginas ;
_c21 cm
336 _atext
_2rdacontent
337 _aunmediated
_2rdamedia
338 _avolume
_2rdacarrier
505 0 _aAn Orphan for Hitler. -"Sieg Heil!". -could It Be love?. -Prince charming at the Door. -Specter of Death. -Twilight of the Gods. -Crushed. -Slave Women. -Farewell. -Escape. -From America, with love. -rudy!. -Starting Over. -Whirlwind. -The Old Book. -The Awesome Jew. -Jesús, My Friend. -Dream Land - and Nigthtmares. -The American Way. -Call of the Free. -Heartache and healing. -Home, Sweet Homeland.
526 _aSEG42
526 _aSEG41
526 _aSEG40
526 _aSEG39
526 _aP94
526 _aP87
526 _aP86
526 _aP85
526 _aP77
526 _aP76
526 _aP35
600 1 _aHirschmann, Maria Anne
650 0 4 _aGuerra mundial
_y1939-1945
_xNarraciones personales
_zRepública Checa.
910 _ajck
_bjvq
_cjck
_d20150616
942 _2ddc
_cBOOK
949 _a248.2 H58
_wDEWEY
_c1
_i27197
_lCCODEBUL1
_mBUL
_p00.00
_r0
_sY
_tBOOK
_u19870123
_xTEOLOGIA
_PP35
_0COMPRA
_o.STAFF. Colección General
994 _aC0
_bPEPRU
596 _a1
999 _a248.2 H58
_wDEWEY
_c3917
_i27197
_f2021-11-11
_g5
_lCCODEBUL1
_mBUL
_r0
_sY
_tBOOK
_u2015-6-17
_xTEOLOGIA
_PP35
_0COMPRA
_o.STAFF. Colección General
_d3917
980 _81
_gALBERTO SANCHEZ Responsable de Automatización